00420nam a2200157Ia 450000500170000000800410001702000180005803700130007604000200008904100130010908400190012210000200014124500470016126000410020830000130024920250326140551.0250326s9999 xx 000 0 und d a0-471-24739-1 aTextbook aFMSLbengcFMSL aeng2eng aXwNo9 N4qFMSL aDrucker Peter F 0aAdventures of a bystandercDrucker Peter F aNew YorkbNew York, John Wileyc1994 aviii,344